Pokémon - Les attaques de Volcanion - Statistiques

Statistiques générales
  • Ce quiz a été pris 9 fois
  • Le résultat moyen est 10 sur 18
Statistiques - réponses
Niveaux Types Noms des attaques % Correct
Niveau 48 Eau Ébullition
100%
Niveau 60 Glace Brume
80%
Niveau 60 Glace Buée Noire
80%
Niveau 66 Eau Hydrocanon
80%
Niveau 72 Eau Jet de Vapeur
80%
Départ Eau Pistolet à O
80%
Niveau 24 Eau Vibraqua
80%
Niveau 54 Normal Bélier
60%
Niveau 78 Feu Boutefeu
60%
Départ Feu Danse Flammes
60%
Niveau 6 Normal Groz'Yeux
60%
Niveau 84 Feu Surchauffe
60%
Niveau 30 Normal Grimace
40%
Niveau 18 Feu Nitrocharge
40%
Niveau 12 Normal Ball'Météo
20%
Niveau 36 Feu Calcination
20%
Niveau 42 Normal Écrasement
20%
Niveau 90 Normal Explosion
20%
Aucun quiz correspondant
Distribution des résultats
% des personnes avec chaque résultat
Percentile par nombre de réponses
Votre historique - résultats
Vous n’avez pas pris ce quiz